[Event "Monarch Assurance Isle of Man 16th"]
[Site "Port Erin"]
[Date "2007.09.29"]
[Round "8.21"]
[White "Heberla, Bartlomiej"]
[Black "Noordhoek, Henk"]
[Result "1-0"]
[WhiteElo "2484"]
[BlackElo "2102"]
[PlyCount "37"]
[EventDate "2007.09.22"]
[EventType "swiss"]
[EventRounds "9"]
[EventCountry "IOM"]

1. d4 Nf6 2. Nc3 e6 3. e4 Bb4 4. e5 Ne4 5. Qg4 d5 6. Qxg7 Kd7 7. Bb5+ c6 8.
Qxf7+ Qe7 9. Qxe7+ Kxe7 10. Bd3 Bxc3+ 11. bxc3 Nxc3 12. Ne2 Na4 13. Bg5+ Kf7
14. Bf6 Rf8 15. Bxh7 Nd7 16. Bg5 c5 17. c3 b6 18. Bc2 b5 19. h4 1-0

[Event "Monarch Assurance Isle of Man 16th"]
[Site "Port Erin"]
[Date "2007.09.29"]
[Round "8.22"]
[White "Tate, Alan"]
[Black "Haslinger, Stewart"]
[Result "0-1"]
[WhiteElo "2053"]
[BlackElo "2468"]
[PlyCount "52"]
[EventDate "2007.09.22"]
[EventType "swiss"]
[EventRounds "9"]
[EventCountry "IOM"]

1. e4 e5 2. Bc4 Nf6 3. d3 Nc6 4. c3 Bc5 5. Nf3 a6 6. Bb3 Ba7 7. Nbd2 O-O 8. Nf1
d5 9. Qe2 h6 10. Ng3 Be6 11. exd5 Nxd5 12. O-O Nf4 13. Bxf4 exf4 14. Ne4 Bxb3
15. axb3 f5 16. Ned2 Re8 17. Qd1 Qxd3 18. Nc4 Qxd1 19. Raxd1 b5 20. Na3 Re2 21.
Rd7 Rd8 22. Rxd8+ Nxd8 23. Rd1 Ne6 24. Rd2 Bxf2+ 25. Kf1 Rxd2 26. Nxd2 Be3 0-1

[Event "Monarch Assurance Isle of Man 16th"]
[Site "Port Erin"]
[Date "2007.09.29"]
[Round "8.23"]
[White "Collier, David"]
[Black "Troyke, Christian"]
[Result "1/2-1/2"]
[WhiteElo "2131"]
[BlackElo "2386"]
[PlyCount "76"]
[EventDate "2007.09.22"]
[EventType "swiss"]
[EventRounds "9"]
[EventCountry "IOM"]

1. d4 g6 2. e4 Bg7 3. Nf3 c5 4. d5 d6 5. h3 Nf6 6. Nc3 O-O 7. Bd3 Na6 8. O-O
Nc7 9. Re1 e6 10. Bc4 a6 11. a4 exd5 12. Nxd5 Nfxd5 13. Bxd5 Nxd5 14. Qxd5 Qf6
15. Rb1 h6 16. Qd3 Rd8 17. b3 Qc3 18. Qxc3 Bxc3 19. Rd1 Bg7 20. Be3 Be6 21. Rd2
f5 22. Rbd1 fxe4 23. Rxd6 Re8 24. Nh2 Rac8 25. Rb6 Rc7 26. Rdd6 Kf7 27. Bf4 g5
28. Bg3 Rce7 29. Nf1 Bc3 30. Rd1 Ba5 31. Rbd6 Bc7 32. R6d2 Bf4 33. Re2 Bd7 34.
Ne3 Bxe3 35. Rxe3 {(=)} Bc6 36. a5 Rc8 37. c4 Re6 38. Kf1 Kf6 1/2-1/2

[Event "Monarch Assurance Isle of Man 16th"]
[Site "Port Erin"]
[Date "2007.09.29"]
[Round "8.24"]
[White "Cox, John J"]
[Black "Obers, Frits"]
[Result "1-0"]
[WhiteElo "2381"]
[BlackElo "2073"]
[PlyCount "115"]
[EventDate "2007.09.22"]
[EventType "swiss"]
[EventRounds "9"]
[EventCountry "IOM"]

1. d4 Nf6 2. c4 c5 3. d5 e6 4. Nc3 exd5 5. cxd5 d6 6. e4 g6 7. Bd3 Bg7 8. h3
O-O 9. Nf3 b5 10. Bxb5 Nxe4 11. Nxe4 Qa5+ 12. Nfd2 Qxb5 13. Nxd6 Qa6 14. N2c4
Nd7 15. O-O Ne5 16. Nxe5 Qxd6 17. Nc4 Qd7 18. Be3 Ba6 19. Rc1 Rfd8 20. d6 Bxc4
21. Rxc4 Bxb2 22. Bxc5 Rac8 23. Qc2 Be5 24. Rd1 Qc6 25. Rc1 Bxd6 26. Bxa7 Qxc4
27. Qxc4 Rxc4 28. Rxc4 Be5 29. f4 Rd1+ 30. Kh2 Bf6 31. Rc2 h5 32. g4 hxg4 33.
hxg4 g5 34. fxg5 Bxg5 35. a4 Bd8 36. Rc4 Kg7 37. Kg3 Kg6 38. Kf3 Re1 39. Bd4
Re6 40. Kf4 Ra6 41. Ke4 Kg5 42. Kd5 f5 43. Be3+ Kg6 44. gxf5+ Kxf5 45. Rf4+ Kg6
46. Bf2 Be7 47. Bh4 Bxh4 48. Rxh4 Ra5+ 49. Kc6 Kf7 50. Re4 Rh5 51. Kb6 Rh6+ 52.
Kb7 Rh5 53. Rb4 Ke6 54. Rb5 Rh4 55. a5 Kd6 56. a6 Rh7+ 57. Kb6 Rh8 58. a7 1-0

[Event "Monarch Assurance Isle of Man 16th"]
[Site "Port Erin"]
[Date "2007.09.29"]
[Round "8.25"]
[White "Welling, Gerard"]
[Black "Taylor, Peter P"]
[Result "1/2-1/2"]
[WhiteElo "2364"]
[BlackElo "2209"]
[PlyCount "50"]
[EventDate "2007.09.22"]
[EventType "swiss"]
[EventRounds "9"]
[EventCountry "IOM"]

1. g3 c5 2. Bg2 Nc6 3. c4 g6 4. Nc3 Bg7 5. a3 e6 6. Rb1 Nf6 7. b4 cxb4 8. axb4
O-O 9. b5 Ne7 10. Ba3 d6 11. Qb3 Re8 12. Nf3 d5 13. d3 b6 14. O-O Bb7 15. Nd2
Bh6 16. cxd5 exd5 17. Nf3 d4 18. Na2 Nf5 19. Rfe1 Qd7 20. Bc1 Bg7 21. Bd2 h5
22. Bh3 Ng4 23. Bg2 Nf6 24. Bh3 Ng4 25. Bg2 Nf6 1/2-1/2

[Event "Monarch Assurance Isle of Man 16th"]
[Site "Port Erin"]
[Date "2007.09.29"]
[Round "8.26"]
[White "Ashton, Adam"]
[Black "Nelson, Jonathan P"]
[Result "1/2-1/2"]
[WhiteElo "2295"]
[BlackElo "2282"]
[PlyCount "71"]
[EventDate "2007.09.22"]
[EventType "swiss"]
[EventRounds "9"]
[EventCountry "IOM"]

1. e4 e5 2. Nf3 Nc6 3. Bb5 a6 4. Ba4 Nf6 5. O-O Be7 6. Re1 b5 7. Bb3 d6 8. c3
O-O 9. h3 Na5 10. Bc2 c5 11. d4 Nd7 12. Nbd2 exd4 13. cxd4 Nc6 14. d5 Nce5 15.
Nh2 Ng6 16. g3 Nb6 17. Qh5 Nh8 18. Ndf3 g6 19. Qh6 f6 20. g4 Nc4 21. b3 Ne5 22.
Qe3 Nhf7 23. Nd2 Re8 24. f4 Nd7 25. Bb2 Bf8 26. Qg3 Bg7 27. Nhf3 Nf8 28. Re2 g5
29. fxg5 fxg5 30. Bxg7 Kxg7 31. Rf1 Ng6 32. Ref2 Ra7 33. Ne1 Nfe5 34. Ng2 Rf8
35. Rxf8 Nxf8 36. Ne3 1/2-1/2

[Event "Monarch Assurance Isle of Man 16th"]
[Site "Port Erin"]
[Date "2007.09.29"]
[Round "8.28"]
[White "Collins, Sam IRL"]
[Black "Van den Bersselaar, Jeroen"]
[Result "1-0"]
[WhiteElo "2405"]
[BlackElo "2183"]
[PlyCount "37"]
[EventDate "2007.09.22"]
[EventType "swiss"]
[EventRounds "9"]
[EventCountry "IOM"]

1. c4 e6 2. d4 d5 3. Nc3 c6 4. e4 dxe4 5. Nxe4 Bb4+ 6. Bd2 Qxd4 7. Bxb4 Qxe4+
8. Be2 Na6 9. Ba5 f6 10. Qd8+ Kf7 11. O-O-O e5 12. Bd3 Qxg2 13. Ne2 Qxf2 14.
Ng3 Nc5 15. Bb4 Qf4+ 16. Kb1 Ne6 17. Qd6 e4 18. Nxe4 f5 19. Rhf1 1-0

[Event "Monarch Assurance Isle of Man 16th"]
[Site "Port Erin"]
[Date "2007.09.29"]
[Round "8.29"]
[White "Shachar, Ehud"]
[Black "Egozi, Nadav"]
[Result "1-0"]
[WhiteElo "2353"]
[BlackElo "2205"]
[PlyCount "91"]
[EventDate "2007.09.22"]
[EventType "swiss"]
[EventRounds "9"]
[EventCountry "IOM"]

1. e4 c5 2. Nf3 d6 3. c3 Nf6 4. Be2 Nbd7 5. d3 g6 6. O-O Bg7 7. Re1 O-O 8. Bf1
b6 9. d4 cxd4 10. cxd4 d5 11. e5 Ne4 12. Qb3 Nb8 13. Nbd2 Be6 14. Bd3 Nc6 15.
Qa4 Bd7 16. Qb3 Nxd2 17. Bxd2 Bg4 18. Bb5 Bxf3 19. Bxc6 Rc8 20. Rac1 Bg4 21.
Bg5 Be6 22. Qa3 Rc7 23. b4 Bc8 24. b5 Bb7 25. Qxa7 Bxc6 26. Qxb6 f6 27. exf6
Bxf6 28. Bxf6 Rxf6 29. Rxc6 Rfxc6 30. bxc6 Qd6 31. Rc1 Qf4 32. Qc5 Kg7 33. a4
e5 34. dxe5 d4 35. Rd1 d3 36. Qd6 Rf7 37. Qxd3 Qxf2+ 38. Kh1 Qa2 39. Qd4 Kh6
40. c7 Rxc7 41. Qh4+ Kg7 42. Qf6+ Kh6 43. Qf8+ Kh5 44. g4+ Kxg4 45. Rd4+ Kh5
46. Qf3+ 1-0

[Event "Monarch Assurance Isle of Man 16th"]
[Site "Port Erin"]
[Date "2007.09.29"]
[Round "8.30"]
[White "Smokina, Karolina"]
[Black "Zozulia, Anna"]
[Result "0-1"]
[WhiteElo "2205"]
[BlackElo "2332"]
[PlyCount "126"]
[EventDate "2007.09.22"]
[EventType "swiss"]
[EventRounds "9"]
[EventCountry "IOM"]

1. d4 Nf6 2. c4 g6 3. Nc3 Bg7 4. e4 d6 5. Bd3 O-O 6. Nge2 Nc6 7. O-O Nh5 8. Bc2
e5 9. d5 Ne7 10. Kh1 f5 11. exf5 gxf5 12. f4 Ng6 13. g3 exf4 14. Nxf4 Ngxf4 15.
gxf4 Qh4 16. Qe1 Qh3 17. Bd2 Bd7 18. Qe3 Qxe3 19. Bxe3 Rae8 20. Rae1 a6 21. Bd1
{(=)} Nf6 22. Bd4 Kf7 23. a4 Bh6 24. Rxe8 Rxe8 25. b4 Re7 26. c5 Ne4 27. Nb1
Bg7 28. cxd6 cxd6 29. Bb6 Nc3 30. Bh5+ Kg8 31. Bd8 Re3 32. Nxc3 Bxc3 33. Rg1+
Kf8 34. Bg5 Bxa4 35. Bh6+ Ke7 36. Rg8 Bd4 37. Bg5+ Kd7 38. Rf8 Bc2 39. h4 Be4+
40. Kh2 Bxd5 41. Rxf5 Kc6 42. Rf8 Kb5 43. Rf5 Kc4 44. Bf7 Bxf7 45. Rxf7 b5 46.
Rxh7 Kxb4 47. h5 a5 48. Rd7 a4 49. Rxd6 Bc3 50. Ra6 a3 51. h6 Re2+ 52. Kh3 a2
53. Kg4 a1=Q 54. Rxa1 Bxa1 55. Kf5 Rh2 56. Kg6 Kc4 57. f5 Kd5 58. Be7 Bc3 59.
Bf8 b4 60. Bg7 Bxg7 61. hxg7 Rg2+ 62. Kf7 b3 63. f6 Ke5 0-1

[Event "Monarch Assurance Isle of Man 16th"]
[Site "Port Erin"]
[Date "2007.09.29"]
[Round "8.32"]
[White "Bannink, Bernard"]
[Black "Fox, Anthony"]
[Result "1-0"]
[WhiteElo "2271"]
[BlackElo "2084"]
[PlyCount "219"]
[EventDate "2007.09.22"]
[EventType "swiss"]
[EventRounds "9"]
[EventCountry "IOM"]

1. d4 d5 2. Nf3 Nf6 3. e3 Bf5 4. c4 e6 5. Qb3 Qc8 6. Nc3 c6 7. Nh4 Bg6 8. Nxg6
hxg6 9. Bd2 Nbd7 10. g3 Bd6 11. Bg2 Qb8 12. f4 a5 13. a3 Qa7 14. Rc1 a4 15. Qa2
Be7 16. Bf3 dxc4 17. Qxc4 Nb6 18. Qe2 Qa6 19. Qxa6 Rxa6 20. Be2 Ra8 21. e4 Nfd7
22. Be3 f5 23. O-O O-O 24. d5 exd5 25. exd5 cxd5 26. Bf3 Ra5 27. Rfd1 Bc5 28.
Bxc5 Rxc5 29. Nxd5 Rxc1 30. Rxc1 Rd8 31. Rd1 Re8 32. Nxb6 Nxb6 33. Kf2 Rc8 34.
Rd2 Rc7 35. Ke2 Kf7 36. Kd1 Ke7 37. Rc2 Nc4 38. Kc1 b5 39. Bd5 Kd6 40. Bxc4
bxc4 41. Rd2+ Kc5 42. Re2 Kd4 43. Re6 c3 44. Rd6+ Kc4 45. Kc2 cxb2 46. Kxb2
Rb7+ 47. Kc2 Rb3 48. Rc6+ Kd4 49. Rxg6 Rxa3 50. Kb2 Rb3+ 51. Ka2 Rb7 52. Ka3
Ra7 53. Re6 Kd3 54. Re5 g6 55. Re6 Rh7 56. h4 Rg7 57. Kxa4 Kd4 58. Kb3 Kd5 59.
Re5+ Kd6 60. Kc3 Ra7 61. Re3 Ra3+ 62. Kd2 Ra2+ 63. Ke1 Kd7 64. Re2 Ra1+ 65. Kf2
Rb1 66. Kg2 Ra1 67. Re5 Ra2+ 68. Kh3 Ra1 69. Re2 Rh1+ 70. Kg2 Ra1 71. Kf2 Rb1
72. Re1 Rb2+ 73. Kf3 Rb3+ 74. Kg2 Rb2+ 75. Kh3 Rb8 76. Ra1 Ke6 77. Ra7 Kf6 78.
Ra6+ Kg7 79. h5 gxh5 80. Ra3 Rb6 81. Kh4 Kh6 82. Ra8 Rg6 83. Rf8 Rg4+ 84. Kh3
Kg6 85. Rh8 Kf6 86. Rxh5 Rg8 87. Rh6+ Kf7 88. Ra6 Rh8+ 89. Kg2 Rc8 90. Rd6 Rb8
91. Kf3 Rb3+ 92. Kf2 Rb2+ 93. Ke3 Rg2 94. Kf3 Ra2 95. Rd3 Rb2 96. Ke3 Rb4 97.
Kf3 Rb1 98. Kg2 Ra1 99. Kh3 Ra8 100. Rd7+ Kg6 101. Rd6+ Kh5 102. Rf6 Ra5 103.
Rf8 Rb5 104. Rf7 Ra5 105. Rg7 Rb5 106. Rg5+ Kh6 107. Kh4 Rb1 108. Rxf5 Rh1+
109. Kg4 Kg6 110. Ra5 {(some moves towards the end may be wrong but the final
position is right)} 1-0

[Event "Monarch Assurance Isle of Man 16th"]
[Site "Port Erin"]
[Date "2007.09.29"]
[Round "8.33"]
[White "Bentley, John L"]
[Black "Majer, Chris E"]
[Result "1-0"]
[WhiteElo "2242"]
[BlackElo "2041"]
[PlyCount "53"]
[EventDate "2007.09.22"]
[EventType "swiss"]
[EventRounds "9"]
[EventCountry "IOM"]

1. e4 d5 2. exd5 Qxd5 3. Nf3 Nf6 4. d4 c6 5. Be2 Bf5 6. O-O e6 7. c4 Qd8 8. Nc3
Be7 9. Nh4 Bg6 10. Nxg6 hxg6 11. Bf3 Qc7 12. g3 O-O 13. Qb3 Nbd7 14. Rd1 Rfd8
15. Bf4 Qb6 16. Qc2 Rac8 17. c5 Qa5 18. b4 Qxb4 19. Rab1 Qa5 20. Rxb7 Nd5 21.
Nxd5 cxd5 22. Be2 Nxc5 23. Rxe7 Nd7 24. Qb3 e5 25. Bd2 Qc7 26. Qxd5 Nf6 27.
Qxf7+ 1-0

[Event "Monarch Assurance Isle of Man 16th"]
[Site "Port Erin"]
[Date "2007.09.29"]
[Round "8.35"]
[White "Prosviriakov, Vladimir"]
[Black "Grant, Alan"]
[Result "1-0"]
[WhiteElo "2319"]
[BlackElo "2223"]
[PlyCount "89"]
[EventDate "2007.09.22"]
[EventType "swiss"]
[EventRounds "9"]
[EventCountry "IOM"]

1. d4 Nf6 2. Nf3 e6 3. c4 Bb4+ 4. Nbd2 b6 5. a3 Bxd2+ 6. Qxd2 Bb7 7. e3 d6 8.
b4 Nbd7 9. Bb2 O-O 10. Be2 Qe7 11. O-O h6 12. Rad1 Be4 13. Qc3 a5 14. Nd2 axb4
15. axb4 Bg6 16. d5 e5 17. f3 Rfb8 18. e4 Qf8 19. Bd3 Qe7 20. Rde1 Bh7 21. g3
g5 22. Kh1 Nh5 23. Be2 f6 24. f4 Bg6 25. Bg4 Ng7 26. Bxd7 Qxd7 27. f5 Bh5 28.
Ra1 Ne8 29. b5 Qc8 30. Qb3 Rxa1 31. Rxa1 Ra8 32. Ra4 Kf8 33. Kg2 Ke7 34. Nf1
Ng7 35. Ne3 Be8 36. Qa3 Rxa4 37. Qxa4 Kd8 38. Qa7 Bh5 39. Kf2 Ke7 40. Ba3 Qd8
41. c5 dxc5 42. Bxc5+ Kd7 43. Bxb6 Ne8 44. Bc5 Kc8 45. Qa6+ 1-0

[Event "Monarch Assurance Isle of Man 16th"]
[Site "Port Erin"]
[Date "2007.09.29"]
[Round "8.38"]
[White "Goodger, Martyn"]
[Black "Fraser-Mitchell, Jeremy"]
[Result "1-0"]
[WhiteElo "2093"]
[BlackElo "2097"]
[PlyCount "91"]
[EventDate "2007.09.22"]
[EventType "swiss"]
[EventRounds "9"]
[EventCountry "IOM"]

1. e4 e6 2. Nf3 a6 3. d4 b5 4. Bd3 c5 5. c3 Bb7 6. O-O Nf6 7. Nbd2 Nc6 8. e5
Nd5 9. Ne4 c4 10. Bc2 Qc7 11. Nfg5 d6 12. exd6 Bxd6 13. Nxd6+ Qxd6 14. Ne4 Qc7
15. Nc5 Nce7 16. Nxb7 Qxb7 17. Qe2 Rd8 18. Qe4 Rd7 19. Qe5 Nf6 20. b3 cxb3 21.
axb3 O-O 22. Bb2 Rc8 23. Rac1 a5 24. Bd1 Qd5 25. c4 bxc4 26. bxc4 Qb7 27. Ba1
Qc7 28. Ba4 Ng6 29. Qg5 Rdd8 30. g3 h6 31. Qe3 Qd6 32. Rfd1 Ng4 33. Qf3 f5 34.
c5 Qe7 35. Bb3 Kh8 36. Re1 Rb8 37. Bc4 Rb4 38. Bxe6 N6e5 39. dxe5 Qxe6 40. Rcd1
Rxd1 41. Rxd1 Re4 42. c6 Nxe5 43. Bxe5 Rxe5 44. Qc3 Re4 45. c7 Rc4 46. Qxc4 1-0

[Event "Monarch Assurance Isle of Man 16th"]
[Site "Port Erin"]
[Date "2007.09.29"]
[Round "8.40"]
[White "Yeo, Michael J"]
[Black "Marks, Ian A"]
[Result "1/2-1/2"]
[WhiteElo "2153"]
[BlackElo "1914"]
[PlyCount "109"]
[EventDate "2007.09.22"]
[EventType "swiss"]
[EventRounds "9"]
[EventCountry "IOM"]

1. e4 c5 2. Nf3 d6 3. d4 cxd4 4. Nxd4 Nf6 5. Nc3 a6 6. Bg5 e6 7. f4 Qb6 8. Qd2
Nc6 9. Nb3 Ng4 10. Bd3 h6 11. Bh4 g5 12. h3 Qe3+ 13. Ne2 Qxd2+ 14. Kxd2 Nge5
15. fxg5 Be7 16. Nbd4 hxg5 17. Bg3 Bd7 18. Raf1 Rc8 19. Nxc6 Rxc6 20. Nd4 Rc7
21. Bxe5 dxe5 22. Nf3 f6 23. g3 Bc5 24. h4 g4 25. Nh2 f5 26. exf5 Bc6 27. Nxg4
Bxh1 28. Rxh1 exf5 29. Bxf5 Rf8 30. Bg6+ Ke7 31. h5 Rd7+ 32. Ke2 Rfd8 33. Ne3
Rd2+ 34. Kf3 Rf8+ 35. Nf5+ Kf6 36. Nh4 Kg5+ 37. Ke4 Re2+ 38. Kd5 Bb6 39. Bd3
Re3 40. h6 e4 41. Ng2 exd3 42. Nxe3 Bxe3 43. Ke4 Bf2 44. cxd3 Bxg3 45. d4 Rh8
46. Kd5 Rxh6 47. Rxh6 Kxh6 48. Ke6 Kg7 49. d5 Kf8 50. Kd7 Be5 51. b4 Bc3 52. a3
Bb2 53. Kc7 Bxa3 54. Kxb7 Bxb4 55. Kxa6 1/2-1/2

[Event "Monarch Assurance Isle of Man 16th"]
[Site "Port Erin"]
[Date "2007.09.29"]
[Round "8.42"]
[White "Hutchinson, Norman A"]
[Black "Johnson, Paul A"]
[Result "1-0"]
[WhiteElo "2079"]
[BlackElo "1820"]
[PlyCount "57"]
[EventDate "2007.09.22"]
[EventType "swiss"]
[EventRounds "9"]
[EventCountry "IOM"]

1. e4 e5 2. Nf3 Nc6 3. Bb5 a6 4. Ba4 Nf6 5. O-O Nxe4 6. d4 b5 7. Bb3 d5 8. dxe5
Be6 9. c3 Be7 10. Nbd2 O-O 11. Re1 Nc5 12. Bc2 Qd7 13. Nd4 Bg4 14. N2f3 Nxd4
15. Qxd4 Bh5 16. Ng5 h6 17. Nh7 Rfe8 18. Bxh6 Bg6 19. e6 Nxe6 20. Rxe6 gxh6 21.
Rxg6+ fxg6 22. Bxg6 Red8 23. Re1 c5 24. Qf4 Bg5 25. Nxg5 hxg5 26. Qxg5 Qg7 27.
Re7 Qh8 28. Bh5+ Kf8 29. Rf7+ 1-0

[Event "Monarch Assurance Isle of Man 16th"]
[Site "Port Erin"]
[Date "2007.09.29"]
[Round "8.43"]
[White "Nicholson, John"]
[Black "Troyke, Doreen"]
[Result "1/2-1/2"]
[WhiteElo "1910"]
[BlackElo "2151"]
[PlyCount "35"]
[EventDate "2007.09.22"]
[EventType "swiss"]
[EventRounds "9"]
[EventCountry "IOM"]

1. e4 c5 2. Nf3 d6 3. c3 Nf6 4. d3 g6 5. g3 Bg7 6. Bg2 O-O 7. O-O Nc6 8. Re1
Qc7 9. h3 Rd8 10. Na3 a6 11. d4 cxd4 12. cxd4 Bd7 13. Bf4 e5 14. Bg5 h6 15. Bc1
Rac8 16. d5 Na5 17. Bd2 b5 18. Rc1 1/2-1/2

[Event "Monarch Assurance Isle of Man 16th"]
[Site "Port Erin"]
[Date "2007.09.30"]
[Round "9.3"]
[White "Areshchenko, Alexander"]
[Black "Kritz, Leonid"]
[Result "1/2-1/2"]
[WhiteElo "2645"]
[BlackElo "2571"]
[PlyCount "75"]
[EventDate "2007.09.22"]
[EventType "swiss"]
[EventRounds "9"]
[EventCountry "IOM"]

1. e4 e6 2. d4 d5 3. Nc3 Nf6 4. Bg5 dxe4 5. Nxe4 Nbd7 6. Nf3 h6 7. Nxf6+ Nxf6
8. Be3 Nd5 9. Bd3 Nxe3 10. fxe3 Bd6 11. O-O O-O 12. c3 Qe7 13. Bc4 Bd7 14. b4
Rad8 15. Rf2 b6 16. e4 c5 17. dxc5 bxc5 18. b5 Bc8 19. Qe2 Qc7 20. e5 Be7 21.
Raf1 Qa5 22. Qc2 a6 23. a4 Bb7 24. Kh1 Bd5 25. Qb3 axb5 26. axb5 Qc7 27. Bxd5
exd5 28. c4 dxc4 29. Qxc4 Qb6 30. Rb2 Qe6 31. Qxe6 fxe6 32. Rfb1 Rf4 33. Kg1
Rb8 34. Kf1 Rb4 35. Rxb4 cxb4 36. Nd4 Bc5 37. Nxe6 Rxb5 38. Nxc5 1/2-1/2

[Event "Monarch Assurance Isle of Man 16th"]
[Site "Port Erin"]
[Date "2007.09.30"]
[Round "9.6"]
[White "Roiz, Michael"]
[Black "Drozdovskij, Yuri"]
[Result "1-0"]
[WhiteElo "2630"]
[BlackElo "2567"]
[PlyCount "145"]
[EventDate "2007.09.22"]
[EventType "swiss"]
[EventRounds "9"]
[EventCountry "IOM"]

1. d4 d5 2. c4 c6 3. Nc3 Nf6 4. e3 a6 5. Nf3 e6 6. b3 Bb4 7. Bd2 Qe7 8. Bd3
Nbd7 9. O-O O-O 10. Ne5 Nxe5 11. dxe5 Nd7 12. f4 f6 13. Qc2 h6 14. a3 Bc5 15.
b4 Bb6 16. exf6 Nxf6 17. c5 Bc7 18. e4 e5 19. exd5 cxd5 20. fxe5 Bxe5 21. Rae1
Bd7 22. Bf4 Bd4+ 23. Kh1 Qd8 24. Ne2 Nh5 25. Bg6 Nxf4 26. Nxf4 Kh8 27. Qd1 Bc3
28. Bc2 Rxf4 29. Rxf4 Bxe1 30. Qxe1 Qe8 31. Qf2 Kg8 32. h4 Qe5 33. Bg6 Be6 34.
Qg3 Qa1+ 35. Kh2 Kh8 36. Qe3 Bg8 37. h5 a5 38. b5 Rc8 39. Bf5 Rf8 40. c6 bxc6
41. bxc6 d4 42. Qe5 Qc1 43. c7 Re8 44. Qd6 Re1 45. c8=Q Rh1+ 46. Kg3 Qe1+ 47.
Rf2 Qe3+ 48. Rf3 Qg5+ 49. Bg4 Qh4+ 50. Kf4 Qg5+ 51. Kg3 Qh4+ 52. Kf4 Qg5+ 53.
Ke4 Re1+ 54. Kxd4 Qd2+ 55. Kc5 Rc1+ 56. Kb5 Qxd6 57. Qxc1 Qb8+ 58. Ka6 Qa8+ 59.
Kb6 Qb8+ 60. Kc6 Qe8+ 61. Kc7 Qe5+ 62. Kd8 Qd5+ 63. Kc7 Qe5+ 64. Kc8 Qe8+ 65.
Kb7 Qe4+ 66. Kb8 Qe5+ 67. Qc7 Qb2+ 68. Kc8 Qxg2 69. Qg3 Qc2+ 70. Rc3 Qe4 71.
Bf3 Be6+ 72. Kb8 Qd4 73. Qc7 {(both scoresheets fairly incomprehensible from
move 60 onwards but the text is an approximation of what must have happened)}
1-0

[Event "Monarch Assurance Isle of Man 16th"]
[Site "Port Erin"]
[Date "2007.09.30"]
[Round "9.8"]
[White "Palliser, Richard"]
[Black "Krasenkow, Michal"]
[Result "0-1"]
[WhiteElo "2417"]
[BlackElo "2660"]
[PlyCount "72"]
[EventDate "2007.09.22"]
[EventType "swiss"]
[EventRounds "9"]
[EventCountry "IOM"]

1. d4 g6 2. e4 Bg7 3. Nc3 c6 4. Nf3 d6 5. Be3 Nf6 6. Qd2 Bg4 7. Be2 O-O 8. h3
Bxf3 9. Bxf3 Nbd7 10. O-O Qc7 11. a4 a5 12. g3 e5 13. Bg2 Rad8 14. Rad1 Rfe8
15. f4 exd4 16. Bxd4 Nc5 17. Qf2 Nfd7 18. Bxg7 Kxg7 19. g4 f6 20. h4 h6 21. g5
hxg5 22. hxg5 fxg5 23. Qd4+ Kg8 24. Qc4+ Ne6 25. Bh3 Ndc5 26. fxg5 Qh7 27.
Bxe6+ Nxe6 28. Rd2 Qh4 29. Rh2 Qxg5+ 30. Kh1 Kg7 31. Qb3 b5 32. Ne2 Rh8 33.
Rff2 Qe5 34. Qe3 Qc5 35. Qg3 Qxc2 36. Qg4 Nc5 0-1

[Event "Monarch Assurance Isle of Man 16th"]
[Site "Port Erin"]
[Date "2007.09.30"]
[Round "9.10"]
[White "Ferguson, Mark"]
[Black "Spraggett, Kevin"]
[Result "0-1"]
[WhiteElo "2413"]
[BlackElo "2585"]
[PlyCount "62"]
[EventDate "2007.09.22"]
[EventType "swiss"]
[EventRounds "9"]
[EventCountry "IOM"]

1. e4 c5 2. Nf3 e6 3. d3 b6 4. g3 Bb7 5. Bg2 d6 6. O-O Be7 7. Re1 Nd7 8. Nbd2
Ngf6 9. c3 O-O 10. d4 Rc8 11. b3 b5 12. Bb2 cxd4 13. cxd4 Qb6 14. a4 a6 15. Bf1
d5 16. e5 Ne4 17. axb5 axb5 18. Nxe4 dxe4 19. Nd2 Bb4 20. Bg2 Nxe5 21. dxe5
Rfd8 22. Re2 e3 23. Bxb7 exf2+ 24. Kf1 Qxb7 25. Rxf2 Qh1+ 26. Ke2 Qd5 27. Ke1
Qh1+ 28. Ke2 Rxd2+ 29. Qxd2 Qe4+ 30. Qe3 Rc2+ 31. Kd1 Qxe3 0-1

[Event "Monarch Assurance Isle of Man 16th"]
[Site "Port Erin"]
[Date "2007.09.30"]
[Round "9.11"]
[White "Georgiev, Vladimir"]
[Black "Kunin, Vitaly"]
[Result "1-0"]
[WhiteElo "2567"]
[BlackElo "2507"]
[PlyCount "65"]
[EventDate "2007.09.22"]
[EventType "swiss"]
[EventRounds "9"]
[EventCountry "IOM"]

1. c4 b6 2. d4 Bb7 3. Nc3 e6 4. a3 Nf6 5. d5 exd5 6. cxd5 b5 7. e4 b4 8. axb4
Bxb4 9. Bd3 Qe7 10. Nf3 Nxd5 11. O-O Nxc3 12. bxc3 Bc5 13. Qb3 Bb6 14. Bg5 Qc5
15. Be3 Qh5 16. Nd4 Nc6 17. Nf5 O-O 18. Qd5 Kh8 19. Bxb6 axb6 20. Qxd7 Rfd8 21.
Qxc7 Rxd3 22. Ng3 Rxa1 23. Nxh5 Rdd1 24. Ng3 Ba6 25. c4 Nd8 26. Qe5 Ne6 27.
Qxa1 Rxa1 28. Rxa1 Nc5 29. Rb1 Nd7 30. Rd1 Nf8 31. Rd8 Kg8 32. Nf5 f6 33. Nd6
1-0

[Event "Monarch Assurance Isle of Man 16th"]
[Site "Port Erin"]
[Date "2007.09.30"]
[Round "9.12"]
[White "Sulskis, Sarunas"]
[Black "Heberla, Bartlomiej"]
[Result "1/2-1/2"]
[WhiteElo "2537"]
[BlackElo "2484"]
[PlyCount "58"]
[EventDate "2007.09.22"]
[EventType "swiss"]
[EventRounds "9"]
[EventCountry "IOM"]

1. e4 c5 2. Nf3 d6 3. d4 cxd4 4. Nxd4 Nf6 5. Nc3 Bd7 6. f3 e5 7. Nb3 Be7 8. Be3
O-O 9. Qd2 a5 10. a4 Be6 11. Bb5 Nc6 12. O-O Nb4 13. Rad1 d5 14. exd5 Nfxd5 15.
Nxd5 Nxd5 16. Bc4 Nxe3 17. Qxe3 Qc8 18. Bxe6 Qxe6 19. Qe4 Rac8 20. Rf2 Rfd8 21.
Rfd2 Rxd2 22. Rxd2 b5 23. axb5 Qb6+ 24. Kf1 Qxb5+ 25. Qe2 Qxe2+ 26. Rxe2 a4 27.
Nc1 f6 28. Ke1 Bb4+ 29. Kd1 a3 1/2-1/2

[Event "Monarch Assurance Isle of Man 16th"]
[Site "Port Erin"]
[Date "2007.09.30"]
[Round "9.13"]
[White "Svetushkin, Dmitry"]
[Black "Paehtz, Elisabeth"]
[Result "1-0"]
[WhiteElo "2618"]
[BlackElo "2457"]
[PlyCount "82"]
[EventDate "2007.09.22"]
[EventType "swiss"]
[EventRounds "9"]
[EventCountry "IOM"]

1. d4 d5 2. c4 c6 3. Nf3 Nf6 4. e3 Bg4 5. Nc3 e6 6. h3 Bxf3 7. Qxf3 Nbd7 8. Bd2
Bd6 9. O-O-O O-O 10. Kb1 a5 11. g4 Bb4 12. cxd5 Bxc3 13. Bxc3 exd5 14. Bd3 Re8
15. Be1 Ne4 16. Qg2 Nd6 17. Bd2 Nb6 18. Rhe1 Nbc4 19. Bc1 a4 20. f3 Qb6 21. Ka1
Na5 22. Qc2 Ndc4 23. Qc3 Qc7 24. Bc2 b5 25. Qd3 g6 26. e4 dxe4 27. fxe4 c5 28.
Kb1 cxd4 29. Qxd4 {[not sure of the moves after this point]} Rac8 30. Qf2 Nc6
31. a3 N6e5 32. Rd5 Qb7 33. Red1 Rb8 34. Qf6 Qe7 35. Qxe7 Rxe7 36. Rc5 f6 37.
g5 Kg7 38. Rdd5 b4 39. Bxa4 bxa3 40. b3 fxg5 41. Ka2 Rf7 1-0

[Event "Monarch Assurance Isle of Man 16th"]
[Site "Port Erin"]
[Date "2007.09.30"]
[Round "9.15"]
[White "Hebden, Mark"]
[Black "Bradford, Joseph"]
[Result "0-1"]
[WhiteElo "2540"]
[BlackElo "2406"]
[PlyCount "122"]
[EventDate "2007.09.22"]
[EventType "swiss"]
[EventRounds "9"]
[EventCountry "IOM"]

1. d4 e6 2. Nf3 Nf6 3. c3 b6 4. Bg5 Bb7 5. Nbd2 Be7 6. h4 d6 7. h5 Nbd7 8. e3
c5 9. Bf4 Qc7 10. Bd3 cxd4 11. cxd4 Rc8 12. Bg3 h6 13. Nh4 Qc6 14. e4 d5 15. e5
Ne4 16. Bf4 Bg5 17. g3 b5 18. Nb3 Qb6 19. Qe2 b4 20. Qe3 Ba6 21. Bxg5 hxg5 22.
Nf3 Bxd3 23. Qxd3 g4 24. Nfd2 f5 25. exf6 Ndxf6 26. Nxe4 Nxe4 27. Nd2 Qc6 28.
Rd1 O-O 29. O-O Qc2 30. Nxe4 dxe4 31. Qa6 Rf6 32. d5 exd5 33. Qxa7 Rf3 34. Qd4
Rf5 35. Qxb4 Rxf2 36. Rxf2 Qxd1+ 37. Rf1 Qd3 38. Qd6 Re8 39. Qf4 Qd4+ 40. Rf2
Qe5 41. Qxg4 e3 42. Re2 Re6 43. h6 Rxh6 44. Qc8+ Kh7 45. Qc2+ g6 46. Kg2 d4 47.
Qc6 Rh5 48. Re1 Qa5 49. Re2 Qd8 50. Qb7+ Kg8 51. Kg1 Qd5 52. Qb8+ Kg7 53. Qc7+
Kf6 54. Rg2 Re5 55. g4 Re7 56. g5+ Kf7 57. Qf4+ Kg8 58. Qb8+ Kg7 59. Qb6 Qe5
60. Kf1 d3 61. Ke1 Rc7 0-1